00922nam a2200229Ia 4500003000900000008004100009020001800050040001600068080002300084111008000107245024400187260003700431300001700468490002700485650004100512650001900553650002000572700002000592700002200612700002100634710003700655IN-BaIIA211028s9999 xx 000 0 eng d a0-7923-2547-8 cIIA Library a082.2:52bIAU-S157 aSymposium of the International Astronomical UnioncGermanyd1992 Sept. 7-11 4aThe cosmic dynamobproceedings of the 157th symposium of the International Astronomical Union held in Potsdam, Germany,September 7-11,1992cedited by F. Krause, K-H Radler and G. Rudiger  aDordrechtbKluwer Academicc1993 axxxii, 499p. aIAU symposium; no. 157 aAstronomy and astrophysics thesaurus aCosmic physics aMagnetic fields aKrause, F., ed. aRadler, K-H., ed. aRudiger, G., ed. aInternational Astronomical Union